00681nam a2200193Ia 4500008004100000082001800041100002400059245005400083250000800137260002900145300001200174500002400186650001600210700002100226942000700247952010800254952010800362999001700470230524s9999 xx 000 0 und d a621.3829bIFE aEmmanuel C.Ifeachor 0aDigital Signal Processing (A Practical Approach)  a2ND aNEW DELHIbPearsonc2004 aXIV;925 aQuantity Number: 2 aElectronics a Barrie W.Jervis cBK 00104070aTATCLbTATCLcGENd2023-05-24l0o621.3829 IFEp15285r2023-05-24w2023-05-24yBKzBSCP2201 00104070aTATCLbTATCLcGENd2023-05-24l0o621.3829 IFEp16885r2023-05-24w2023-05-24yBKzBSCP2201 c36266d36266